000 00639nam a2200229 a 4500
001 000009804
003 DO-SdBNP
005 20240412074213.0
007 ta
008 091001s1978 dr r 000 p spa d
040 _aDO-SdBNP
_bspa
_cBNPHU
_erda
082 4 _aRD861.44
_bC745m
_222
100 1 _aConde Pausas, Alfredo
_924702
245 1 0 _aMagia /
_cAlfredo Conde Pausas.
260 _aSanto Domingo :
_bTaller,
_c1978.
300 _a63 p. ;
_c16 cm.
590 _aInventariado, 2018/BT
650 _aPoesía dominicana
_966
650 0 _aLiteratura dominicana.
_967
910 _aValidado. Control de calidad. MFF
942 _2ddc
_cLBS1
999 _c9563
_d9563